Rectification
Saved in:
| Main Author: | |
|---|---|
| Format: | Book |
| Language: | French |
| Published: |
Paris :
Cle international,
1978.
|
| Series: | Francais fonctionnel
|
| Subjects: | |
| Tags: |
Add Tag
No Tags, Be the first to tag this record!
|
MARC
| LEADER | 00000cam a2200000 i 4500 | ||
|---|---|---|---|
| 001 | 1/815 | ||
| 008 | 950705s1978 fr | ||| |||| ||fre|| | ||
| 035 | |l 10014213 | ||
| 040 | |a GR-MyUa |b gre |e AACR2 | ||
| 041 | 0 | |a fre | |
| 082 | 7 | |a 540 |2 (22) | |
| 100 | 1 | |a Gibert, H. |q (Henri) | |
| 245 | 1 | 0 | |a Rectification / |c Henri Gibert. |
| 260 | |a Paris : |b Cle international, |c 1978. | ||
| 300 | |a 23 σ. : |b εικ. ; |c 26 εκ. | ||
| 490 | 1 | |a (Francais fonctionnel) | |
| 504 | |a Περιλαμβάνει βιβλιογραφικές παραπομπές και ευρετήριο. | ||
| 650 | 0 | 0 | |a Chemistry. |
| 830 | 0 | |a Francais fonctionnel | |
| 852 | |a INST |b LESVOS |e 19950705 |h 540 GIB |p 005100008039 |q 005100008039 |t BK |y 0 | ||
| 970 | |z 2000/05/ΟΙΚΟΝΟΜΟΠΟΥΛΟΥ ΧΡΙΣΤΙΝΑ | ||